Verejné obstarávanie - nástroj efektívnosti

Procesy spojené zo všetkými oblasťami štátnych nákupov. Podstata verejného obstarávania tovarov, služieb a verejných prác vo vyspelých krajinách sveta. Využívanie princípov verejnej súťaže pri nákupe zo štátnych prostriedkov. Medzinárodné štatistiky a podiel štátnych výdavkov.

Gespeichert in:
Bibliographische Detailangaben
1. Verfasser: Nemec, J.
Format: Buchkapitel
Sprache:Slowakisch
Schlagworte:
Tags: Tag hinzufügen
Keine Tags, Fügen Sie das erste Tag hinzu!

MARC

LEADER 00000naa a2200000 4500
001 r015967
005 20221213123701.3
041 0 |a slo 
044 |a SK 
245 1 0 |a Verejné obstarávanie - nástroj efektívnosti  |c J. Nemec 
520 |a Procesy spojené zo všetkými oblasťami štátnych nákupov. Podstata verejného obstarávania tovarov, služieb a verejných prác vo vyspelých krajinách sveta. Využívanie princípov verejnej súťaže pri nákupe zo štátnych prostriedkov. Medzinárodné štatistiky a podiel štátnych výdavkov. 
610 2 0 |a obstarávanie verejné 
610 2 0 |a súťaž verejná 
100 1 |a Nemec, J.